000 00517nam a2200169 a 4500
005 20140412111319.0
008 000901s19uu xx 00 eng d
020 _a0-590-29700-7
050 _aBB
_bIa1 1996
100 _aMarzollo, Jean
245 _aI'm a seed / :
_bhello reader! - level 1 - science /
_cby Jean Marzollo ; illustrated by Judith Moffatt.
260 _aNew York :
_bScholastic Inc,
_c1996.
300 _a1 v. (unp.) ; ill.
440 _aScholastic Big Books
650 _aGrowing
999 _c104333
_d104333